00492nam a2200193Ia 4500003000900000008004100009040001300050040001300063041000800076100002100084245011400105250000900219260001900228260000900247300001100256300001000267490000600277600001500283IT-RoPAU120407s9999 xx 000 0 und d aIT-RoPAU cIT-RoPAU aita aMassimo Negrotti aUomini e calcolatori. Introduzione allo studio dei mutamenti culturali connessi alla rivoluzione informatica. aRoma aCittà Nuova  c1979 a209 p. c18 cm v1 a(IDEE, 46)